00340nam a2200109Ia 4500008004100000245010600041260003500147260000900182300001000191500001300201650001600214170224s9999 xx 000 0 und d aGive me just a little more time: Effects of alcohol on the failure and recovery of cognitive control. bJournal of Abnormal Psychology c2014 a123:1 aFebruary xPsychology.